<?xml version="1.0" encoding="UTF-8"?>
<record
    xmlns:xsi="http://www.w3.org/2001/XMLSchema-instance"
    xsi:schemaLocation="http://www.loc.gov/MARC21/slim http://www.loc.gov/standards/marcxml/schema/MARC21slim.xsd"
    xmlns="http://www.loc.gov/MARC21/slim">

  <leader>00529nam a2200169Ia 4500</leader>
  <controlfield tag="003">SGT</controlfield>
  <datafield tag="020" ind1=" " ind2=" ">
    <subfield code="a">9780198065555</subfield>
  </datafield>
  <datafield tag="082" ind1=" " ind2=" ">
    <subfield code="a">621.381548</subfield>
    <subfield code="b">BEL</subfield>
  </datafield>
  <datafield tag="100" ind1=" " ind2=" ">
    <subfield code="a">Bell,David A</subfield>
  </datafield>
  <datafield tag="245" ind1=" " ind2=" ">
    <subfield code="a">Electronic instrumentation and measurements</subfield>
  </datafield>
  <datafield tag="250" ind1=" " ind2=" ">
    <subfield code="a">2nd Ed.</subfield>
  </datafield>
  <datafield tag="260" ind1=" " ind2=" ">
    <subfield code="b">Oxford University Press</subfield>
    <subfield code="a">N.Delhi</subfield>
    <subfield code="c">2011</subfield>
  </datafield>
  <datafield tag="300" ind1=" " ind2=" ">
    <subfield code="a">451p.</subfield>
  </datafield>
  <datafield tag="650" ind1=" " ind2=" ">
    <subfield code="a">ELECTRONIC ENGINEERING </subfield>
  </datafield>
  <datafield tag="653" ind1=" " ind2=" ">
    <subfield code="a">DIMENSIONS AND STANDARDS, MEASUREMENT ERRORS,ELECTRO MECHANICAL INSTRUMENTS DIGITAL INSTRUMENT BASICS,CATHODE-RAY OSCILLOSCOPES</subfield>
  </datafield>
  <datafield tag="942" ind1=" " ind2=" ">
    <subfield code="2">ddc</subfield>
    <subfield code="c">BK</subfield>
  </datafield>
  <datafield tag="952" ind1=" " ind2=" ">
    <subfield code="0">0</subfield>
    <subfield code="1">0</subfield>
    <subfield code="2">ddc</subfield>
    <subfield code="4">0</subfield>
    <subfield code="7">0</subfield>
    <subfield code="a">FE</subfield>
    <subfield code="b">FE</subfield>
    <subfield code="d">2012-05-22</subfield>
    <subfield code="i">SGTU</subfield>
    <subfield code="l">0</subfield>
    <subfield code="o">621.381548 BEL</subfield>
    <subfield code="p">FE4496</subfield>
    <subfield code="r">2015-02-09 00:00:00</subfield>
    <subfield code="w">2015-02-09</subfield>
    <subfield code="y">BK</subfield>
  </datafield>
  <datafield tag="952" ind1=" " ind2=" ">
    <subfield code="0">0</subfield>
    <subfield code="1">0</subfield>
    <subfield code="2">ddc</subfield>
    <subfield code="4">0</subfield>
    <subfield code="7">0</subfield>
    <subfield code="a">FE</subfield>
    <subfield code="b">FE</subfield>
    <subfield code="d">2012-05-22</subfield>
    <subfield code="i">SGTU</subfield>
    <subfield code="l">0</subfield>
    <subfield code="o">621.381548 BEL</subfield>
    <subfield code="p">FE4497</subfield>
    <subfield code="r">2015-02-09 00:00:00</subfield>
    <subfield code="w">2015-02-09</subfield>
    <subfield code="y">BK</subfield>
  </datafield>
  <datafield tag="952" ind1=" " ind2=" ">
    <subfield code="0">0</subfield>
    <subfield code="1">0</subfield>
    <subfield code="2">ddc</subfield>
    <subfield code="4">0</subfield>
    <subfield code="7">0</subfield>
    <subfield code="a">FE</subfield>
    <subfield code="b">FE</subfield>
    <subfield code="d">2012-05-22</subfield>
    <subfield code="i">SGTU</subfield>
    <subfield code="l">0</subfield>
    <subfield code="o">621.381548 BEL</subfield>
    <subfield code="p">FE4498</subfield>
    <subfield code="r">2015-02-09 00:00:00</subfield>
    <subfield code="w">2015-02-09</subfield>
    <subfield code="y">BK</subfield>
  </datafield>
  <datafield tag="952" ind1=" " ind2=" ">
    <subfield code="0">0</subfield>
    <subfield code="1">0</subfield>
    <subfield code="2">ddc</subfield>
    <subfield code="4">0</subfield>
    <subfield code="7">0</subfield>
    <subfield code="a">FE</subfield>
    <subfield code="b">FE</subfield>
    <subfield code="d">2012-05-22</subfield>
    <subfield code="i">SGTU</subfield>
    <subfield code="l">0</subfield>
    <subfield code="o">621.381548 BEL</subfield>
    <subfield code="p">FE4499</subfield>
    <subfield code="r">2015-02-09 00:00:00</subfield>
    <subfield code="w">2015-02-09</subfield>
    <subfield code="y">BK</subfield>
  </datafield>
  <datafield tag="952" ind1=" " ind2=" ">
    <subfield code="0">0</subfield>
    <subfield code="1">0</subfield>
    <subfield code="2">ddc</subfield>
    <subfield code="4">0</subfield>
    <subfield code="7">0</subfield>
    <subfield code="a">FE</subfield>
    <subfield code="b">FE</subfield>
    <subfield code="d">2012-05-22</subfield>
    <subfield code="i">SGTU</subfield>
    <subfield code="l">0</subfield>
    <subfield code="o">621.381548 BEL</subfield>
    <subfield code="p">FE4500</subfield>
    <subfield code="r">2015-02-09 00:00:00</subfield>
    <subfield code="w">2015-02-09</subfield>
    <subfield code="y">BK</subfield>
  </datafield>
  <datafield tag="952" ind1=" " ind2=" ">
    <subfield code="0">0</subfield>
    <subfield code="1">0</subfield>
    <subfield code="2">ddc</subfield>
    <subfield code="4">0</subfield>
    <subfield code="7">0</subfield>
    <subfield code="a">FE</subfield>
    <subfield code="b">FE</subfield>
    <subfield code="d">2012-05-22</subfield>
    <subfield code="i">SGTU</subfield>
    <subfield code="l">0</subfield>
    <subfield code="o">621.381548 BEL</subfield>
    <subfield code="p">FE4501</subfield>
    <subfield code="r">2015-02-09 00:00:00</subfield>
    <subfield code="w">2015-02-09</subfield>
    <subfield code="y">BK</subfield>
  </datafield>
  <datafield tag="952" ind1=" " ind2=" ">
    <subfield code="0">0</subfield>
    <subfield code="1">0</subfield>
    <subfield code="2">ddc</subfield>
    <subfield code="4">0</subfield>
    <subfield code="7">0</subfield>
    <subfield code="a">FE</subfield>
    <subfield code="b">FE</subfield>
    <subfield code="d">2012-05-22</subfield>
    <subfield code="i">SGTU</subfield>
    <subfield code="l">0</subfield>
    <subfield code="o">621.381548 BEL</subfield>
    <subfield code="p">FE4502</subfield>
    <subfield code="r">2015-02-09 00:00:00</subfield>
    <subfield code="w">2015-02-09</subfield>
    <subfield code="y">BK</subfield>
  </datafield>
  <datafield tag="952" ind1=" " ind2=" ">
    <subfield code="0">0</subfield>
    <subfield code="1">0</subfield>
    <subfield code="2">ddc</subfield>
    <subfield code="4">0</subfield>
    <subfield code="7">0</subfield>
    <subfield code="a">FE</subfield>
    <subfield code="b">FE</subfield>
    <subfield code="d">2012-05-22</subfield>
    <subfield code="i">SGTU</subfield>
    <subfield code="l">0</subfield>
    <subfield code="o">621.381548 BEL</subfield>
    <subfield code="p">FE4503</subfield>
    <subfield code="r">2015-02-09 00:00:00</subfield>
    <subfield code="w">2015-02-09</subfield>
    <subfield code="y">BK</subfield>
  </datafield>
  <datafield tag="952" ind1=" " ind2=" ">
    <subfield code="0">0</subfield>
    <subfield code="1">0</subfield>
    <subfield code="2">ddc</subfield>
    <subfield code="4">0</subfield>
    <subfield code="7">0</subfield>
    <subfield code="a">FE</subfield>
    <subfield code="b">FE</subfield>
    <subfield code="d">2012-05-22</subfield>
    <subfield code="i">SGTU</subfield>
    <subfield code="l">0</subfield>
    <subfield code="o">621.381548 BEL</subfield>
    <subfield code="p">FE4504</subfield>
    <subfield code="r">2015-02-09 00:00:00</subfield>
    <subfield code="w">2015-02-09</subfield>
    <subfield code="y">BK</subfield>
  </datafield>
  <datafield tag="952" ind1=" " ind2=" ">
    <subfield code="0">0</subfield>
    <subfield code="1">0</subfield>
    <subfield code="2">ddc</subfield>
    <subfield code="4">0</subfield>
    <subfield code="7">0</subfield>
    <subfield code="a">FE</subfield>
    <subfield code="b">FE</subfield>
    <subfield code="d">2012-05-22</subfield>
    <subfield code="i">SGTU</subfield>
    <subfield code="l">0</subfield>
    <subfield code="o">621.381548 BEL</subfield>
    <subfield code="p">FE4505</subfield>
    <subfield code="r">2015-02-09 00:00:00</subfield>
    <subfield code="w">2015-02-09</subfield>
    <subfield code="y">BK</subfield>
  </datafield>
  <datafield tag="952" ind1=" " ind2=" ">
    <subfield code="0">0</subfield>
    <subfield code="1">0</subfield>
    <subfield code="2">ddc</subfield>
    <subfield code="4">0</subfield>
    <subfield code="7">0</subfield>
    <subfield code="a">FE</subfield>
    <subfield code="b">FE</subfield>
    <subfield code="d">2013-05-30</subfield>
    <subfield code="i">SGTU</subfield>
    <subfield code="l">1</subfield>
    <subfield code="o">621.381458 BEL</subfield>
    <subfield code="p">FE5689</subfield>
    <subfield code="r">2017-12-14 00:00:00</subfield>
    <subfield code="s">2017-09-02</subfield>
    <subfield code="w">2015-02-09</subfield>
    <subfield code="y">BK</subfield>
  </datafield>
  <datafield tag="952" ind1=" " ind2=" ">
    <subfield code="0">0</subfield>
    <subfield code="1">0</subfield>
    <subfield code="2">ddc</subfield>
    <subfield code="4">0</subfield>
    <subfield code="7">0</subfield>
    <subfield code="a">FE</subfield>
    <subfield code="b">FE</subfield>
    <subfield code="d">2013-05-30</subfield>
    <subfield code="i">SGTU</subfield>
    <subfield code="l">1</subfield>
    <subfield code="o">621.381458 BEL</subfield>
    <subfield code="p">FE5690</subfield>
    <subfield code="r">2017-12-14 00:00:00</subfield>
    <subfield code="s">2017-09-02</subfield>
    <subfield code="w">2015-02-09</subfield>
    <subfield code="y">BK</subfield>
  </datafield>
  <datafield tag="999" ind1=" " ind2=" ">
    <subfield code="c">5408</subfield>
    <subfield code="d">5408</subfield>
  </datafield>
</record>
